000 00334nam a2200133Ia 4500
008 150301s2015 xx 000 0 und d
082 _a615.1
_bH11S
100 _aP.D SETHI
245 _aSETHI'S HPTLC HIGH PERFORMANCE THINLRYES CHROMATOGMPHY
260 _bKANGPOSH PUB
300 _a122
650 _aPHARMACEUTICS
942 _2ddc
_cBK
999 _c7204
_d7204